000 00983nam0a22002411 4500
001 rc\843394
005 20041129092345.9
035 _a(NLR Aleph) 006024592
090 _a7464056
_c7464056
100 _a20041129d1983 u |0rusy50 ca
101 0 _arus
102 _aRU
105 _ay |||||||||
200 1 _aМетодические указания по определению содержания подвижной серы в почвах
_fМ-во сел. хоз-ва СССР, Всесоюз. произв.-науч. об-ние по агрохим. обслуживанию сел. хоз-ва (Союзсельхозхимия)
_g[Подгот. к. с.-х. н. С.Г. Самохваловым и др.]
210 _aМ.
_cКолос
_d1983
215 _a15 с.
_d20
320 _aБиблиогр.: с. 15
702 1 _aСамохвалов
_bС. Г.
_4570
801 0 _aRU
_bNLR
_gpsbo
801 1 _aRU
_bELAR
_2rusmarc
852 _aNLR
_j84-4/9522
942 _cBOOK
980 _aNB